000 00837nam a2200277I 4500
999 _c7254
_d7254
001 7254
003 BD -Jhcc
005 20180422083251.0
008 790122s1935 nyua 000 1 eng
035 _a(BD -Jhcc)7254
035 _a(OCoLC)04574112
035 _aGLIS00219615
040 _aDLC
_cCOO
_dm.c.
_dMYG
_dBD -Jhcc
041 _aeng
082 _bDIC 1966
_214
_a823.83
090 _aPR4558
_b.A1 1935
099 _aPR4558.A1 1935
100 1 _aDickens, Charles,
_d1812-1870.
245 1 4 _aThe personal history of David Copperfield /
_cby Charles Dickens; illustated by Phiz
260 _aNew York,
_bThe Heritage press,
_c1935.
300 _a5 p. l., 9-821 p.
_billus., col. plates.
_c24 cm.
700 _aPhiz
942 _2ddc
_cBK
949 _aMYGH
_b[!39080000150489!]